The English cotton industry and the world market, 1815-1896
Part one: The advent of a new economic order, Part two: The man trends in production and trade, Part three: The structure of the industry.
Gespeichert in:
| 1. Verfasser: | |
|---|---|
| Format: | Buch |
| Sprache: | Undetermined |
| Veröffentlicht: |
Oxford
Clarendon Press
1979
|
| Schlagworte: | |
| Tags: |
Tag hinzufügen
Keine Tags, Fügen Sie den ersten Tag hinzu!
|
| Thư viện lưu trữ: | Trung tâm Học liệu Trường Đại học Cần Thơ |
|---|
| LEADER | 00774nam a2200229Ia 4500 | ||
|---|---|---|---|
| 001 | CTU_225934 | ||
| 008 | 210402s9999 xx 000 0 und d | ||
| 082 | |a 338.4 | ||
| 082 | |b F236 | ||
| 100 | |a Farnie, D. A. | ||
| 245 | 4 | |a The English cotton industry and the world market, 1815-1896 | |
| 245 | 0 | |c D. A. Farnie | |
| 260 | |a Oxford | ||
| 260 | |b Clarendon Press | ||
| 260 | |c 1979 | ||
| 520 | |a Part one: The advent of a new economic order, Part two: The man trends in production and trade, Part three: The structure of the industry. | ||
| 650 | |a Kinh doanh bông,Cotton trade | ||
| 650 | |x Lịch sử,History | ||
| 650 | |y Thế kỷ 19,19th century | ||
| 650 | |z Anh,England | ||
| 910 | |b nthai | ||
| 980 | |a Trung tâm Học liệu Trường Đại học Cần Thơ | ||